| 000 | 00495nam a22001817a 4500 | ||
|---|---|---|---|
| 005 | 20260402114325.0 | ||
| 008 | 260402b |||||||| |||| 00| 0 eng d | ||
| 020 | _a9789382705727 | ||
| 041 | _aEnglish | ||
| 082 | _a344.01 DEY | ||
| 100 | _a Dey, Deepanjan | ||
| 245 | _aConcepts and Supreme Court Rulings on Contract Labour (Regulation & Abolition) Act, 1970 | ||
| 250 | _a1st | ||
| 260 |
_aHyderabad _bAsia Law House, _c2013 |
||
| 300 | _a222 p | ||
| 650 | _bContract Labour | ||
| 942 | _cDB | ||
| 999 |
_c9582 _d9582 |
||